نظرية المعادلات التفاضلية / (رقم التسجيلة. 12175)
[ عرض عادي ]
| 000 -الفاتح | |
|---|---|
| حقل البيانات ثابتة الطول | 00800cam a2200217 a 4500 |
| 003 - محدد رقم الضبط | |
| رقم الضبط | SA-RiAUC |
| 005 - وقت وتاريخ اخر تعامل مع التسجيلة | |
| رقم الضبط | 20150408113902.0 |
| 008 - عناصر البيانات ثابتة الطول - معلومات عامة | |
| حقل البيانات ثابتة الطول | 060103s1981 su f f000 0 ara c |
| 040 ## - مصدر الفهرسة | |
| وكالة الفهرسة الأصلية | MU |
| لغة الفهرسة | ara |
| وكالة النسخ | SA-RiAUC |
| 082 04 - رقم تصنيف ديوى العشرى | |
| رقم التصنيف | 515.35 |
| رقم المادة | ع ر ن |
| رقم الطبعة | 21 |
| 082 04 - رقم تصنيف ديوى العشرى | |
| رقم التصنيف | 515.35 ع ر ن |
| رقم الطبعة | 21 |
| 100 1# - المدخل الرئيسى - إسم شخصى | |
| الإسم الشخصى | عبد الكريم، رحمي إبراهيم |
| 9 (RLIN) | 1825 |
| 245 10 - بيان العنوان | |
| العنوان | نظرية المعادلات التفاضلية / |
| بيان المسئوليه,etc | تأليف رحمي إبراهيم عبد الكريم. |
| 260 ## - PUBLICATION, DISTRIBUTION, ETC. (IMPRINT) | |
| مكان الناشر او الموزع | الرياض : |
| اسم الناشر او الموزع | جامعة الرياض، |
| تاريخ النشر أو التوزيع | 1981 |
| 300 ## - الوصف المادى | |
| التعداد | 233 ص. |
| 650 #7 - المدخل الاضافى بالموضوع-مصطلح موضوعى | |
| مصطلح موضوعي أو اسم جغرافي كعنصر مدخل | المعادلات التفاضلية |
| مصدر الرأس أو المصطلح | aucsh |
| 9 (RLIN) | 1456 |
| 650 #7 - المدخل الاضافى بالموضوع-مصطلح موضوعى | |
| مصطلح موضوعي أو اسم جغرافي كعنصر مدخل | التفاضل والتكامل |
| مصدر الرأس أو المصطلح | aucsh |
| 942 ## - عناصر المدخل الإضافي( كوها) | |
| مصدر التصنيف او مخطط الترفيف | Dewey Decimal Classification |
| Koha [default] item type | كتاب |
| 949 ## - معلومات معالجة محلية(OCLC) | |
| a | MU |
| d | 08/09/2009 |
| i | 3825082 |
| j | 55901MU |
| n | 1 |
| u | system. |
| 949 ## - معلومات معالجة محلية(OCLC) | |
| a | ARUC |
| n | 1 |
| d | 2011/7/30 |
| u | training |
| حالة الفقد | نموذج السعر الفعال | حالة تلف | ليس للاعارة | رقم الطلب | تاريخ الاكتساب | الموقع الحالي | الباركود | الفرع الرئيسي | Date last seen | نوع المادة فى نظام كوها | مصدر التصنيف او خطة الترفيف | Total Checkouts |
|---|---|---|---|---|---|---|---|---|---|---|---|---|
| 2013-03-10 | 515.35 ع ر ن | 2011-08-02 | مكتبة مجمع الطالبات بالمجمعة (EMF) | 00015483 | مكتبة مجمع الطالبات بالمجمعة (EMF) | 2013-03-10 | كتاب | Dewey Decimal Classification |
